Statistiche per Top 15 dei paesi con decessi Covid-19 - 1 settembre 2022

Clicka qui per fare il quiz!

Statistiche generali

  • Questo quiz è stato fatto 17 volte
  • Il punteggio medio è 15 su 27

Statistiche sulle risposte

paese% Corretto
Italia
100%
Germania
94%
Russia
94%
Stati Uniti
94%
Messico
88%
Argentina
82%
Francia
82%
India
82%
Brasile
76%
Regno Unito
76%
Polonia
59%
Colombia
47%
Bulgaria
41%
Perù
41%
Romania
41%
Cechia
35%
Croazia
35%
Iran
35%
Lettonia
35%
Lituania
35%
Ungheria
35%
Bosnia ed Erzegovina
29%
Indonesia
29%
Slovacchia
29%
Slovenia
29%
Macedonia del Nord
18%
Georgia
12%

Distribuzione punteggi

Percentile per numero di risposta

Percentuale di utenti per punteggio

I tuoi punteggi nel tempo

Non hai fatto questo quiz